000 00878nam a2200325Ia 4500
008 170203s9999 xx 000 0 und d
020 _a0-439727820
050 _aFic
050 _bW447b
100 _aWells, Condrad.
245 4 _aThe Batman :
245 _bhow to draw /
245 _cby Conrad Wells ; illustrated by Ursula Albano ; Batman created by Bob Kane.
260 _aNew York :
260 _bScholastic,
260 _c2005
300 _a32 pages :
300 _bcolor illustrations ;
300 _c28 cm
500 _a"Draw the caped crusader!"--Cover.
650 _aBatman --
650 _aBatman --
650 _aCartooning --
650 _aComic books, strips, etc.
650 _aDrawing --
650 _x(Fictitious character)
650 _x(Fictitious character) -- Art.
650 _xTechnique.
650 _xTechnique.
999 _c306352
_d306352